| 000 | 01164cam a2200337 a 4500 | ||
|---|---|---|---|
| 001 | 16703882 | ||
| 005 | 20180213035841.0 | ||
| 008 | 110323s2011 mau b 001 0 eng | ||
| 010 | _a 2010906346 | ||
| 020 | _a9780312668211 (pbk. : instructor's ed.) | ||
| 020 | _a031266821X (pbk. : instructor's ed.) | ||
| 020 | _a9780312609658 (pbk. : student ed.) | ||
| 020 | _a0312609655 (pbk. : student ed.) | ||
| 020 | _a9780312675431 (resources for teaching section of instructor's ed.) | ||
| 020 | _a0312675437 (resources for teaching section of instructor's ed.) | ||
| 040 |
_aDLC _cDLC |
||
| 041 | _aeng | ||
| 042 | _apcc | ||
| 080 | _a808.4 sam | ||
| 082 | 0 | 0 |
_a808.4 sam _222 |
| 100 | _a23 | ||
| 101 | _agju | ||
| 245 | 0 | 0 |
_a50 essays : _cedited by Samuel Cohen. |
| 246 | 3 | _aFifty essays | |
| 246 | 1 | 8 |
_aResources for teaching : _b50 essays : a portable anthology |
| 504 | _aIncludes bibliographical references (p 467-470) and index. | ||
| 906 |
_a7 _bcbc _corignew _d2 _encip _f20 _gy-gencatlg |
||
| 942 |
_2ddc _cBK |
||
| 999 |
_c42352 _d42352 |
||